Sports Quiz

Random Sports or Rugby Quiz
Score 0/160 Timer 15:00
0 Plays Today
Year Player % Correct
Melbourne StormCameron Smith
91.8%
Melbourne StormCameron Smith
91.8%
Melbourne StormCameron Smith
91.8%
Melbourne StormCameron Smith
91.8%
Cronulla-Sutherland SharksJeremy Smith
89%
North Queensland CowboysJohnathan Thurston
83.6%
North Queensland CowboysJohnathan Thurston
83.6%
North Queensland CowboysJohnathan Thurston
83.6%
Canterbury-Bankstown BulldogsJames Graham
75.3%
Canterbury-Bankstown BulldogsJames Graham & Sam Perrett
75.3%
Cronulla-Sutherland SharksWade Graham
75.3%
Canberra RaidersJarrod Croker
74%
Cronulla-Sutherland SharksPaul Gallen
74%
Cronulla-Sutherland SharksPaul Gallen
74%
Cronulla-Sutherland SharksPaul Gallen
74%
Newcastle KnightsKalyn Ponga
74%
South Sydney RabbitohsJohn Sutton & Greg Inglis
74%
South Sydney RabbitohsGreg Inglis
74%
Brisbane BroncosAnthony Milford
72.6%
Canberra RaidersAnthony Milford
72.6%
Sydney RoostersMitchell Pearce
72.6%
Sydney RoostersMitchell Pearce
72.6%
New Zealand WarriorsRoger Tuivasa-Sheck
71.2%
New Zealand WarriorsRoger Tuivasa-Sheck
71.2%
New Zealand WarriorsRoger Tuivasa-Sheck
71.2%
North Queensland CowboysAshley Graham
71.2%
Brisbane BroncosDarius Boyd
69.9%
Canberra RaidersJosh Hodgson & Josh Papalii
69.9%
Manly Warringah Sea EaglesDaly Cherry-Evans
69.9%
Newcastle KnightsDarius Boyd
69.9%
North Queensland CowboysJason Taumalolo
69.9%
North Queensland CowboysJason Taumalolo
69.9%
North Queensland CowboysJason Taumalolo
69.9%
North Queensland CowboysJason Taumalolo
69.9%
Manly Warringah Sea EaglesTom Trbojevic
68.5%
Sydney RoostersJames Tedesco
68.5%
Sydney RoostersJames Tedesco
68.5%
Wests TigersJames Tedesco
68.5%
Manly Warringah Sea EaglesJake Trbojevic
67.1%
Manly Warringah Sea EaglesJake Trbojevic
67.1%
Manly Warringah Sea EaglesJake Trbojevic
67.1%
Parramatta EelsMitchell Moses
67.1%
Wests TigersMitchell Moses
67.1%
Canterbury-Bankstown BulldogsBen Barba
65.8%
Canberra RaidersJosh Papalii
64.4%
Canberra RaidersJosh Papalii
64.4%
Melbourne StormCameron Munster
64.4%
Brisbane BroncosBen Hunt
63%
Brisbane BroncosCorey Parker
61.6%
Brisbane BroncosCorey Parker
61.6%
Brisbane BroncosPayne Haas
61.6%
South Sydney RabbitohsSam Burgess
61.6%
South Sydney RabbitohsSam Burgess
61.6%
South Sydney RabbitohsSam Burgess
61.6%
Year Player % Correct
Cronulla-Sutherland SharksChad Townsend
60.3%
Manly Warringah Sea EaglesGlenn Stewart
60.3%
Melbourne StormJesse Bromwich
60.3%
Melbourne StormJesse Bromwich
60.3%
Melbourne StormJesse Bromwich
60.3%
Parramatta EelsJarryd Hayne
58.9%
Brisbane BroncosDarren Lockyer
56.2%
Canterbury-Bankstown BulldogsBrett Morris & Aiden Tolman
56.2%
Cronulla-Sutherland SharksAndrew Fifita & Matt Prior
54.8%
Wests TigersElijah Taylor
53.4%
St. George Illawarra DragonsBrett Morris
52.1%
Sydney RoostersBoyd Cordner
52.1%
Sydney RoostersBoyd Cordner
52.1%
Wests TigersLuke Brooks
52.1%
Wests TigersLuke Brooks
52.1%
South Sydney RabbitohsDamien Cook
49.3%
South Sydney RabbitohsDamien Cook
49.3%
Canterbury-Bankstown BulldogsJosh Jackson
47.9%
Sydney RoostersSonny Bill Williams
47.9%
Penrith PanthersLuke Lewis
46.6%
Canterbury-Bankstown BulldogsWill Hopoate
45.2%
Cronulla-Sutherland SharksMichael Gordon
45.2%
Cronulla-Sutherland SharksMichael Gordon
45.2%
Cronulla-Sutherland SharksValentine Holmes
45.2%
Melbourne StormDale Finucane
45.2%
Newcastle KnightsBeau Scott
45.2%
North Queensland CowboysMatthew Scott
45.2%
North Queensland CowboysMatthew Scott
45.2%
South Sydney RabbitohsJohn Sutton
43.8%
St. George Illawarra DragonsGareth Widdop
43.8%
Gold Coast TitansRyan James
42.5%
Gold Coast TitansAnthony Don
42.5%
Gold Coast TitansRyan James
42.5%
New Zealand WarriorsSimon Mannering
41.1%
New Zealand WarriorsSimon Mannering
41.1%
New Zealand WarriorsSimon Mannering
41.1%
New Zealand WarriorsSimon Mannering
41.1%
Parramatta EelsNathan Hindmarsh
39.7%
Sydney RoostersJake Friend
39.7%
Sydney RoostersJake Friend
39.7%
Brisbane BroncosJosh Hoffman
38.4%
Canterbury-Bankstown BulldogsDavid Klemmer
37%
Canterbury-Bankstown BulldogsDavid Klemmer
37%
Penrith PanthersMatt Moylan
37%
Brisbane BroncosAndrew McCullough
34.2%
Brisbane BroncosAndrew McCullough
34.2%
Gold Coast TitansGreg Bird
34.2%
South Sydney RabbitohsIsaac Luke
34.2%
Canterbury-Bankstown BulldogsAiden Tolman
32.9%
St. George Illawarra DragonsTyson Frizell
31.5%
St. George Illawarra DragonsCameron McInnes
31.5%
Manly Warringah Sea EaglesAnthony Watmough
30.1%
New Zealand WarriorsManu Vatuvei
30.1%
Gold Coast TitansNate Myles
27.4%
Year Player % Correct
Canberra RaidersJunior Paulo
26%
Parramatta EelsTim Mannah
26%
Sydney RoostersJared Waerea-Hargreaves
26%
Wests TigersAaron Woods
26%
Wests TigersAaron Woods
26%
Penrith PanthersJames Fisher-Harris
24.7%
Newcastle KnightsMitch Barnett
23.3%
Newcastle KnightsMitch Barnett
23.3%
Gold Coast TitansLuke Bailey
20.5%
Gold Coast TitansLuke Bailey
20.5%
Manly Warringah Sea EaglesMatt Ballin
20.5%
Parramatta EelsManu Ma'u
20.5%
Parramatta EelsNathan Brown
20.5%
Penrith PanthersIsaah Yeo
20.5%
St. George Illawarra DragonsBen Creagh
20.5%
St. George Illawarra DragonsJason Nightingale
20.5%
St. George Illawarra DragonsBen Creagh
20.5%
St. George Illawarra DragonsTariq Sims
20.5%
Newcastle KnightsKurt Gidley
19.2%
Newcastle KnightsKurt Gidley
19.2%
Newcastle KnightsDane Gagai
19.2%
Parramatta EelsChris Sandow
19.2%
Penrith PanthersTrent Merrin
19.2%
Penrith PanthersReagan Campbell-Gillard
19.2%
South Sydney RabbitohsNathan Merritt
19.2%
St. George Illawarra DragonsTrent Merrin
19.2%
Canberra RaidersDavid Shillington
17.8%
Canberra RaidersSia Soliola
17.8%
Canterbury-Bankstown BulldogsBrett Kimmorley
17.8%
Gold Coast TitansMoeaki Fotuaika
17.8%
Manly Warringah Sea EaglesBrenton Lawrence
17.8%
Wests TigersGareth Ellis
17.8%
Wests TigersGareth Ellis
17.8%
Manly Warringah Sea EaglesJason King
16.4%
Penrith PanthersTyrone Peachey
16.4%
Melbourne StormRyan Hinchcliffe
13.7%
New Zealand WarriorsBen Matulino
11%
New Zealand WarriorsBen Matulino
11%
Canberra RaidersShaun Fensom
9.6%
Canberra RaidersShaun Fensom
9.6%
Parramatta EelsDaniel Alvaro
8.2%
Penrith PanthersLuke Walsh
8.2%
Penrith PanthersKevin Kingston
6.8%
Parramatta EelsFuifui Moimoi
5.5%
St. George Illawarra DragonsLeeson Ah Mau
5.5%
Newcastle KnightsChris Houston
4.1%
Wests TigersLiam Fulton
4.1%
Gold Coast TitansBeau Falloon
2.7%
Gold Coast TitansLuke Douglas
2.7%
Parramatta EelsDarcy Lussick
2.7%
Penrith PanthersDavid Simmons
2.7%
Newcastle KnightsMatt Hilder
1.4%
Remove Ads.
Support Sporcle.
Get the best of Sporcle when you Go Orange. This ad-free experience offers more features, more stats, and more fun while also helping to support Sporcle. Thank you for becoming a member.

You're not logged in!

Compare scores with friends on all Sporcle quizzes.
OR
Log In

Sporcle TV

Today on Sporcle TV


Watch our educational content, quiz creation guides, and fun videos on Sporcle TV.

Show Comments

Extras

Top Quizzes Today


Score Distribution

Paid Content

Your Account Isn't Verified!

In order to create a playlist on Sporcle, you need to verify the email address you used during registration. Go to your Sporcle Settings to finish the process.

Report this User

Report this user for behavior that violates our Community Guidelines.

Details: